Contribución a la crítica de la economía política
Sábháilte in:
| Príomhchruthaitheoir: | |
|---|---|
| Formáid: | Téacs |
| Foilsithe / Cruthaithe: |
México D.F.:
Siglo XXI
|
| Clibeanna: |
Cuir clib leis
Níl clibeanna ann, Bí ar an gcéad duine le clib a chur leis an taifead seo!
|
MARC
| LEADER | 00000 a a2200000 04500 | ||
|---|---|---|---|
| 001 | 22669 | ||
| 003 | |||
| 040 | |a CRAI/IIS |c CRAI/IIS | ||
| 020 | |a 968-23-0993-x | ||
| 090 | |a 155400 | ||
| 100 | |a Marx, Carlos | ||
| 245 | |a Contribución a la crítica de la economía política | ||
| 260 | |a México D.F.: |b Siglo XXI | ||
| 300 | |a 407 p. | ||
| 999 | |c 5768 |d 5768 | ||



